LEADER 01328nam a2200217 i 4500 001 000000144125 003 CaOOAMICUS 005 20051021000000.0 008 051021n it u000 u ita u 013 $a119483 040 $aSeMil$bita 100 1 $aZaramella, Annamaria.$0(OLS)http://semarc/name/57674 245 10$aDon Luigi Monza una santità che genera e chiama :$batti del convegno in occasione del Cinquantenario della morte del Venerabile Servo di Dio don Luigi Monza, Bosisio Parini (Lecco) 25 e 26 settembre 2004 /$ca cura di Michela Boffi e Annamaria Zaramella. 300 $a247 p. :$b[1] ritratto :$bill. ;$c21 cm. 600 14$aMonza, Luigi .$0(OLS)http://semarc/subject/7178 650 4$aLa Nostra Famiglia - Congressi.$0(OLS)http://semarc/subject/28275 700 1 $aBoffi, Micaela .$0(OLS)http://semarc/name/90762 850 $aSeMil 852 $aSeMil$W1$xVenegono$y1$m3J II 105$j97092$B97092$CSeMilBibl$Z2$F105315 $81 961 $aOmaggio: Delpini mons. Mario 996 $6245$aDon Luigi Monza una santità che genera e chiama :$batti del convegno in occasione del Cinquantenario della morte del Venerabile Servo di Dio don Luigi Monza, Bosisio Parini (Lecco) 25 e 26 settembre 2004$9(OLS)http://semarc/title/210816 LEADER 01030nam a2200217 i 4500 001 000000234991 003 CaOOAMICUS 005 20141027000000.0 008 141027s1821 it u000 u ita u 013 $a213894 026 $aong. a.i, 5.1. 13(a (3) 1821 (A) 040 $aSeMil$bita 245 10$aTomo 3. 300 $a275, [1] p. 500 $aSegn. : A-Q8 R10. 773 0 $aNovaes, Giuseppe : da $tElementi della storia de' sommi pontefici da san Pietro sino al felicemente regnante Pio papa 7. ed alla santità sua dedicati per l'uso de' giovani studiosi, raccolti dal canonico Giuseppe de Novaes patrizio portoghese. Tomo 1. [-16. parte 2.].$dRoma : Presso Francesco Bourlié : si vende da Domenico Minù, incontro al Caravita num. 177, 1821.$bTerza edizione corretta ed ampliata.$g3$w()30816 850 $aSeMil 852 $aSeMil$W1$xVenegono$y1$m3B II 93 FA$j185337$B185337$CSeMilBibl$Z2$F196214 $8I 941 1 $a10 961 $aRecupero: Mantegazza 996 $6245$aTomo 3$9(OLS)http://semarc/title/53129